[Event "SVK-ch U14"]
[Site "Tatralandia"]
[Date "2024.04.09"]
[Round "6"]
[White "Micaj, Ivan"]
[Black "Holecko, Samuel"]
[Result "0-1"]
[WhiteElo "1621"]
[BlackElo "1545"]
[PlyCount "118"]
[EventDate "2024.04.05"]
[EventType "swiss"]
[EventRounds "9"]
[EventCountry "SVK"]
[SourceTitle "CB16_2024"]
[SourceDate "2024.04.17"]
[SourceVersion "1"]
[SourceVersionDate "2024.04.17"]
[SourceQuality "1"]

1. e4 c5 2. Nc3 Nc6 3. Nf3 e6 4. Bc4 a6 5. d4 b5 6. Be2 cxd4 7. Nxd4 Bb7 8. Nxc6 Bxc6 9. Bf3 Qc7 10. g3 b4 11. Ne2 Qb7 12. Qd3 Nf6 13. Nd4 Bxe4 14. Bxe4 Qxe4+ 15. Qxe4 Nxe4 16. f3 Nf6 17. Bd2 Be7 18. c3 bxc3 19. Bxc3 0-0 20. Nc2 Rfc8 21. 0-0 Nd5 22. Rac1 Nxc3 23. bxc3 Rxc3 24. Na1 Rac8 25. Nb3 Rxc1 26. Rxc1 Rxc1+ 27. Nxc1 Kf8 28. Kf2 Bc5+ 29. Ke2 Ke7 30. Nd3 Kd6 31. Nf4 g6 32. Nh3 h6 33. Nf4 Bd4 34. Nd3 a5 35. Nc1 Bc3 36. Kd3 Bb4 37. a4 Kc6 38. Nb3 d5 39. Nd4+ Kd6 40. Nb5+ Kc5 41. Nc7 e5 42. Na6+ Kb6 43. Nb8 Kc7 44. Na6+ Kb7 45. Nxb4 axb4 46. Kc2 e4 47. fxe4 dxe4 48. Kd2 b3 49. Kc3 e3 50. Kxb3 e2 51. Kc2 e1Q 52. Kd3 Qd1+ 53. Ke3 Qxa4 54. Kf2 Kc6 55. Kg2 Qc2+ 56. Kh3 f5 57. g4 Qf2 58. gxf5 Qf3+ 59. Kh4 g5# 0-1

[Event "SVK-ch U14"]
[Site "Tatralandia"]
[Date "2024.04.05"]
[Round "1"]
[White "Matusek, Levente"]
[Black "Micaj, Ivan"]
[Result "0-1"]
[WhiteElo "1000"]
[BlackElo "1621"]
[PlyCount "86"]
[EventDate "2024.04.05"]
[EventType "swiss"]
[EventRounds "9"]
[EventCountry "SVK"]
[SourceTitle "CB16_2024"]
[SourceDate "2024.04.17"]
[SourceVersion "1"]
[SourceVersionDate "2024.04.17"]
[SourceQuality "1"]

1. e4 d5 2. Nc3 Nf6 3. d3 dxe4 4. dxe4 Qxd1+ 5. Kxd1 e5 6. Be3 Nc6 7. Kd2 Bd6 8. Bb5 Bd7 9. Rd1 0-0 10. Kc1 a6 11. Bc4 Na5 12. Bb3 Nxb3+ 13. cxb3 Bb4 14. Nd5 Nxd5 15. exd5 a5 16. Nf3 Bd6 17. g3 Bg4 18. h3 Bxf3 19. Rhe1 Bxd1 20. Rxd1 a4 21. bxa4 Rxa4 22. h4 Rxa2 23. f4 Ra1+ 24. Kc2 Rxd1 25. Kxd1 exf4 26. gxf4 Re8 27. Kd2 Re4 28. b3 Bxf4 29. Bxf4 Rxf4 30. h5 Rd4+ 31. Kc3 Rxd5 32. Kc4 Rxh5 33. b4 Kf8 34. b5 Ke7 35. Kb4 Kd6 36. Ka5 Kc5 37. Ka4 Kc4 38. Ka5 Rxb5+ 39. Ka4 Rb1 40. Ka3 Rb6 41. Ka2 Kc3 42. Ka1 Kc2 43. Ka2 Ra6# 0-1